[Event "CHN-chT"]
[Site "Qingdao"]
[Date "2024.04.06"]
[Round "5.1"]
[White "Zeng, Chongsheng"]
[Black "Pang, Tao"]
[Result "1-0"]
[WhiteElo "2592"]
[BlackElo "2501"]
[PlyCount "65"]
[EventDate "2024.04.02"]
[EventType "team-swiss"]
[EventRounds "9"]
[EventCountry "CHN"]
[SourceTitle "CB16_2024"]
[SourceDate "2024.04.17"]
[SourceVersion "1"]
[SourceVersionDate "2024.04.17"]
[SourceQuality "1"]
[WhiteTeam "Shenzhen"]
[BlackTeam "Qingdao"]
[WhiteTeamCountry "CHN"]
[BlackTeamCountry "CHN"]

1. d4 d5 2. Nf3 Nf6 3. c4 e6 4. Nc3 c6 5. e3 Nbd7 6. Qc2 Bd6 7. Bd3 0-0 8. 0-0 dxc4 9. Bxc4 e5 10. h3 Qe7 11. Bb3 a6 12. Rd1 b5 13. e4 c5 14. Nd5 Nxd5 15. Bxd5 Ra7 16. Bg5 Qe8 17. dxc5 Bxc5 18. Rac1 Rc7 19. b4 Bb6 20. Qd2 Nf6 21. Bxf6 gxf6 22. Qh6 Qe7 23. Ng5 fxg5 24. Qxb6 Rd7 25. Qh6 Kh8 26. Rc6 Rfd8 27. Rf6 Qxb4 28. Qxg5 Qe7 29. Qh6 Qf8 30. Qh5 Bb7 31. Qxe5 Qg7 32. Rd3 Bxd5 33. Rg3 1-0

[Event "Budapest FS02 GM"]
[Site "Budapest"]
[Date "2024.02.12"]
[Round "8"]
[White "Pang, Tao"]
[Black "Kovalev, Andrei"]
[Result "1-0"]
[WhiteElo "2451"]
[BlackElo "2432"]
[PlyCount "65"]
[EventDate "2024.02.03"]
[EventType "tourn"]
[EventRounds "9"]
[EventCountry "HUN"]
[EventCategory "7"]
[SourceTitle "CB08_2024"]
[SourceDate "2024.02.21"]
[SourceVersion "1"]
[SourceVersionDate "2024.02.21"]
[SourceQuality "1"]

1. Nf3 Nf6 2. c4 g6 3. Nc3 Bg7 4. e4 0-0 5. d4 d6 6. Be2 Na6 7. 0-0 c6 8. Bf4 e5 9. dxe5 dxe5 10. Bxe5 Qxd1 11. Raxd1 Re8 12. Bd3 Nc5 13. h3 Nxd3 14. Rxd3 Nxe4 15. Nxe4 Bf5 16. Re1 Bxe5 17. Rde3 Bxb2 18. Nf6+ Bxf6 19. Rxe8+ Rxe8 20. Rxe8+ Kg7 21. Ra8 Bd3 22. c5 Bc3 23. Rxa7 Ba6 24. Ra8 Kf6 25. Re8 h6 26. Re3 Bb4 27. Ne5 Bd2 28. Nd7+ Kg7 29. Re7 Bb4 30. Re4 Ba5 31. Nb8 Bb5 32. a4 Bd3 33. Re7 1-0

[Event "Budapest FS02 GM"]
[Site "Budapest"]
[Date "2024.02.03"]
[Round "1"]
[White "Pham, Tran Gia Phuc"]
[Black "Pang, Tao"]
[Result "1/2-1/2"]
[WhiteElo "2416"]
[BlackElo "2451"]
[PlyCount "48"]
[EventDate "2024.02.03"]
[EventType "tourn"]
[EventRounds "9"]
[EventCountry "HUN"]
[EventCategory "7"]
[SourceTitle "CB08_2024"]
[SourceDate "2024.02.21"]
[SourceVersion "1"]
[SourceVersionDate "2024.02.21"]
[SourceQuality "1"]

1. d4 d5 2. c4 dxc4 3. Nf3 Nf6 4. e3 e6 5. Bxc4 a6 6. 0-0 c5 7. dxc5 Qxd1 8. Rxd1 Bxc5 9. Nbd2 Nc6 10. Nb3 Be7 11. Bd2 0-0 12. Rac1 Bd7 13. Be2 Rfc8 14. Nc5 Bxc5 15. Rxc5 Ne4 16. Rc4 Nxd2 17. Rxd2 Be8 18. Nd4 Nxd4 19. Rcxd4 Kf8 20. Kf1 Rc1+ 21. Rd1 Rc2 22. R1d2 Rc1+ 23. Rd1 Rc2 24. R1d2 Rc1+ 1/2-1/2

[Event "Budapest SixDays 01 GM-B"]
[Site "Budapest"]
[Date "2024.01.28"]
[Round "3"]
[White "Pang, Tao"]
[Black "Varga, Zoltan"]
[Result "1-0"]
[WhiteElo "2430"]
[BlackElo "2366"]
[PlyCount "71"]
[EventDate "2024.01.27"]
[EventType "tourn"]
[EventRounds "9"]
[EventCountry "HUN"]
[EventCategory "7"]
[SourceTitle "CB06_2024"]
[SourceDate "2024.02.07"]
[SourceVersion "1"]
[SourceVersionDate "2024.02.07"]
[SourceQuality "1"]

1. d4 d5 2. c4 dxc4 3. e4 Nf6 4. e5 Nd5 5. Bxc4 Nb6 6. Bd3 Nc6 7. Ne2 Bg4 8. f3 Bh5 9. Nbc3 e6 10. Be4 Bg6 11. 0-0 Be7 12. Bxc6+ bxc6 13. Nf4 Bf5 14. g4 Bg6 15. Be3 Nc4 16. Bf2 0-0 17. Qe2 Nb6 18. Rfd1 Rb8 19. Be3 h6 20. Rac1 Bh7 21. Ne4 Nd5 22. b3 Rb6 23. Rc4 Nxf4 24. Bxf4 Qd5 25. Nc3 Qd7 26. Na4 Rb5 27. Kg2 Rd8 28. Bg3 a5 29. Be1 h5 30. h3 hxg4 31. hxg4 Ba3 32. Qe3 Qe8 33. Bh4 Rdb8 34. Rh1 Rb4 35. Rxb4 Bxb4 36. Bf6 1-0

[Event "Marianske Lazne GM-A1 22nd"]
[Site "Marianske Lazne"]
[Date "2024.01.18"]
[Round "7"]
[White "Stefansson, Hannes"]
[Black "Pang, Tao"]
[Result "1/2-1/2"]
[WhiteElo "2498"]
[BlackElo "2430"]
[PlyCount "128"]
[EventDate "2024.01.13"]
[EventType "tourn"]
[EventRounds "9"]
[EventCountry "CZE"]
[EventCategory "7"]
[SourceTitle "CB04_2024"]
[SourceDate "2023.10.16"]
[SourceVersion "1"]
[SourceVersionDate "2023.10.16"]
[SourceQuality "1"]

1. e4 e6 2. d4 d5 3. Nc3 Bb4 4. Nge2 dxe4 5. a3 Bxc3+ 6. Nxc3 Nc6 7. Bf4 Nf6 8. Bb5 Nd5 9. Bxc6+ bxc6 10. Bd2 Nxc3 11. Bxc3 Qg5 12. Qe2 Qxg2 13. 0-0-0 Qf3 14. Qd2 f6 15. Rhg1 Rg8 16. Rg3 Qf5 17. Ba5 Kd7 18. Bb4 a5 19. Bc5 Ba6 20. a4 Qh5 21. Qf4 Qf5 22. Qd2 g5 23. Re1 Qf4 24. Rh3 Qxd2+ 25. Kxd2 h5 26. Rxe4 Bf1 27. Rg3 h4 28. Rg1 Bc4 29. Reg4 Bd5 30. Ke3 h3 31. R1g3 Rh8 32. f4 Rag8 33. fxg5 f5 34. Rf4 Rg6 35. b4 axb4 36. Bxb4 c5 37. Bxc5 Rh5 38. a5 Rgxg5 39. Rxg5 Rxg5 40. Rh4 Bg2 41. Rh7+ Kc6 42. a6 e5 43. a7 Rg8 44. Rf7 f4+ 45. Kf2 Bd5 46. Rf5 exd4 47. Bxd4 Kd6 48. Ke1 c5 49. Bf2 Ra8 50. c4 Bxc4 51. Bxc5+ Kc6 52. Bd4 Re8+ 53. Kd2 Bd5 54. Rxf4 Kb7 55. Rf5 Bg2 56. Rf7+ Ka8 57. Kc3 Rd8 58. Rh7 Rc8+ 59. Kb4 Bf1 60. Rd7 Rc4+ 61. Ka5 Rc8 62. Rf7 Bg2 63. Rf6 Bh1 64. Kb6 Rc6+ 1/2-1/2

[Event "Marianske Lazne GM-A1 22nd"]
[Site "Marianske Lazne"]
[Date "2024.01.14"]
[Round "2"]
[White "Pang, Tao"]
[Black "Natsidis, Christoph"]
[Result "1/2-1/2"]
[WhiteElo "2430"]
[BlackElo "2324"]
[PlyCount "104"]
[EventDate "2024.01.13"]
[EventType "tourn"]
[EventRounds "9"]
[EventCountry "CZE"]
[EventCategory "7"]
[SourceTitle "CB04_2024"]
[SourceDate "2023.10.16"]
[SourceVersion "1"]
[SourceVersionDate "2023.10.16"]
[SourceQuality "1"]

1. d4 d5 2. c4 e6 3. Nf3 Nf6 4. Nc3 dxc4 5. e4 b5 6. e5 Nd5 7. Nxb5 Nb6 8. Be2 Nc6 9. 0-0 Rb8 10. Be3 Be7 11. Qc1 0-0 12. Rd1 Nb4 13. Na3 Nd3 14. Bxd3 cxd3 15. Rxd3 Bb7 16. Bg5 Bxg5 17. Nxg5 h6 18. Nh3 c5 19. Nb5 Ba6 20. Rg3 Kh8 21. Nd6 cxd4 22. Qf4 d3 23. Nxf7+ Rxf7 24. Qxf7 Rb7 25. Qh5 Nd5 26. Ng5 Nf4 27. Nf7+ Rxf7 28. Qxf7 Ne2+ 29. Kh1 Nxg3+ 30. hxg3 d2 31. Qf3 Bb7 32. Qb3 Ba6 33. Qf3 Bd3 34. Qd1 Ba6 35. a4 Qd4 36. Qc2 Be2 37. Qc8+ Kh7 38. Qc2+ Kh8 39. Qc8+ Kh7 40. Qc2+ Kg8 41. Qc8+ Kf7 42. Qc7+ Kf8 43. Qb8+ Ke7 44. f4 d1Q+ 45. Rxd1 Qxd1+ 46. Kh2 Qxa4 47. Qg8 Qe8 48. Qxg7+ Qf7 49. Qxh6 Qh5+ 50. Qxh5 Bxh5 51. Kh3 Be2 52. g4 Kf7 1/2-1/2

[Event "Piraeus GM 01"]
[Site "Piraeus"]
[Date "2024.01.08"]
[Round "6"]
[White "Kosakowski, Jakub"]
[Black "Pang, Tao"]
[Result "1-0"]
[WhiteElo "2486"]
[BlackElo "2430"]
[PlyCount "83"]
[EventDate "2024.01.03"]
[EventType "tourn"]
[EventRounds "9"]
[EventCountry "GRE"]
[EventCategory "7"]
[SourceTitle "CB03_2024"]
[SourceDate "2024.01.17"]
[SourceVersion "1"]
[SourceVersionDate "2024.01.17"]
[SourceQuality "1"]

1. Nf3 d5 2. e3 Nf6 3. c4 e6 4. Nc3 Be7 5. b3 0-0 6. Bb2 c5 7. cxd5 Nxd5 8. Qb1 Nc6 9. h4 Nxc3 10. Bxc3 Bf6 11. Ng5 g6 12. Qb2 Bxc3 13. Qxc3 Qd5 14. f4 f6 15. Bc4 Qxg2 16. 0-0-0 fxg5 17. h5 Ne7 18. hxg6 Nxg6 19. Rdg1 Qc6 20. Rh5 Qc7 21. Rhxg5 Qg7 22. Qd3 Rf6 23. f5 b5 24. Bxb5 Rxf5 25. Rxf5 Qa1+ 26. Kc2 Qxa2+ 27. Kc3 Qa5+ 28. Kb2 exf5 29. Qd5+ Kg7 30. Bc4 Be6 31. Qe5+ Kh6 32. Qh2+ Kg7 33. Qe5+ Kh6 34. Qh2+ Kg7 35. Bxe6 Qd8 36. Kc2 Qf6 37. Qc7+ Kh8 38. Bc4 f4 39. Bd3 Rd8 40. Rh1 Kg8 41. Qxh7+ Kf8 42. Qxg6 1-0

[Event "Piraeus GM 01"]
[Site "Piraeus"]
[Date "2024.01.04"]
[Round "2"]
[White "Kapnisis, Spyridon"]
[Black "Pang, Tao"]
[Result "0-1"]
[WhiteElo "2431"]
[BlackElo "2430"]
[PlyCount "68"]
[EventDate "2024.01.03"]
[EventType "tourn"]
[EventRounds "9"]
[EventCountry "GRE"]
[EventCategory "7"]
[SourceTitle "CB03_2024"]
[SourceDate "2024.01.17"]
[SourceVersion "1"]
[SourceVersionDate "2024.01.17"]
[SourceQuality "1"]

1. e4 e6 2. d4 d5 3. e5 c5 4. c3 Bd7 5. Nf3 Nc6 6. Be2 Nge7 7. Na3 cxd4 8. cxd4 Nf5 9. Nc2 Be7 10. 0-0 0-0 11. g4 Nh4 12. Nxh4 Bxh4 13. f4 f5 14. g5 h6 15. gxh6 g6 16. Kh1 Kf7 17. Bh5 Rh8 18. Rg1 Ne7 19. Bd2 Rxh6 20. Bf3 Qh8 21. Rg2 Qh7 22. Kg1 Rh8 23. Qe2 Nc6 24. b4 Bd8 25. a4 Rh3 26. a5 a6 27. Re1 Nxa5 28. bxa5 Bb5 29. Qf2 Bh4 30. Qe3 Bxe1 31. Nxe1 Rxh2 32. Be2 Rxg2+ 33. Nxg2 Qh1+ 34. Kf2 Rh3 0-1

[Event "Piraeus GM 01"]
[Site "Piraeus"]
[Date "2024.01.03"]
[Round "1"]
[White "Pang, Tao"]
[Black "Kourkoulos Arditis, Stamatis"]
[Result "1/2-1/2"]
[WhiteElo "2430"]
[BlackElo "2547"]
[PlyCount "88"]
[EventDate "2024.01.03"]
[EventType "tourn"]
[EventRounds "9"]
[EventCountry "GRE"]
[EventCategory "7"]
[SourceTitle "CB03_2024"]
[SourceDate "2024.01.17"]
[SourceVersion "1"]
[SourceVersionDate "2024.01.17"]
[SourceQuality "1"]

1. c4 e6 2. Nc3 d5 3. d4 a6 4. cxd5 exd5 5. Nf3 Nf6 6. Bg5 Be6 7. e3 Nbd7 8. Bd3 c6 9. h3 Bd6 10. Bf4 Qc7 11. Qd2 0-0 12. 0-0 Rfe8 13. Rfe1 h6 14. Rac1 Nb6 15. Bxd6 Qxd6 16. b4 Rad8 17. Qb2 Bc8 18. Nd2 Na8 19. a4 Nc7 20. b5 axb5 21. axb5 Ne6 22. bxc6 bxc6 23. Ne2 c5 24. dxc5 Nxc5 25. Qa3 Nxd3 26. Qxd3 Ba6 27. Qd4 Bxe2 28. Rxe2 Rc8 29. Ree1 Qe6 30. Red1 Rxc1 31. Rxc1 Rc8 32. Nb3 Ne4 33. f3 Rxc1+ 34. Nxc1 Ng3 35. Qd2 Nf5 36. Kf2 Qd6 37. Ne2 Qh2 38. Qc1 g6 39. f4 Nh4 40. Qf1 g5 41. Qg1 Qxg1+ 42. Kxg1 Nf5 43. Kf2 Kg7 44. g4 Ne7 1/2-1/2

[Event "Asia-Oceania Uni"]
[Site "Tornelo INT"]
[Date "2022.12.22"]
[Round "6"]
[White "Gaurav, Rajesh Zagade"]
[Black "Pang, Tao"]
[Result "1-0"]
[WhiteElo "2182"]
[BlackElo "2433"]
[PlyCount "57"]
[EventDate "2022.12.21"]
[EventType "swiss (rapid)"]
[EventRounds "9"]
[EventCountry "NET"]
[SourceTitle "CBM 211 Extra"]
[Source "ChessBase"]
[SourceDate "2023.01.31"]
[SourceVersion "1"]
[SourceVersionDate "2023.01.31"]
[SourceQuality "1"]

1. d4 d5 2. c4 dxc4 3. Nf3 Nf6 4. Na3 c5 5. Nxc4 Nc6 6. Be3 Be6 7. Qa4 Bxc4 8. Qxc4 Nd5 9. Bd2 cxd4 10. Nxd4 Rc8 11. e3 e6 12. Nxc6 Rxc6 13. Qa4 Nc7 14. Ba5 Qd6 15. Rd1 Qc5 16. a3 b5 17. Qe4 f5 18. Qf3 Bd6 19. Bd3 0-0 20. 0-0 Nd5 21. g3 a6 22. e4 Ne7 23. exf5 Nxf5 24. Qe4 Qd5 25. Bb1 Qc5 26. Qxe6+ Kh8 27. Bb4 Qb6 28. Be4 Rcc8 29. Bxf5 1-0

[Event "SCO National Online"]
[Site "Chess.com INT"]
[Date "2022.11.19"]
[Round "2"]
[White "Tabatabaei, Mohammad Amin"]
[Black "Pang, Tao"]
[Result "1-0"]
[WhiteElo "2655"]
[BlackElo "2433"]
[PlyCount "115"]
[EventDate "2022.11.19"]
[EventType "team-swiss (rapid)"]
[EventRounds "9"]
[EventCountry "USA"]
[SourceTitle "CBM 211 Extra"]
[Source "ChessBase"]
[SourceDate "2023.01.31"]
[SourceVersion "1"]
[SourceVersionDate "2023.01.31"]
[SourceQuality "1"]
[WhiteTeam "Iran"]
[BlackTeam "China Qingdao"]
[WhiteTeamCountry "IRI"]
[BlackTeamCountry "CHN"]

1. e4 e6 2. d4 d5 3. exd5 exd5 4. Nf3 Nf6 5. Bd3 Bd6 6. Qe2+ Be6 7. Ng5 Qe7 8. Nxe6 Qxe6 9. Qxe6+ fxe6 10. 0-0 0-0 11. Nd2 Nc6 12. Nf3 Nb4 13. Re1 Nxd3 14. cxd3 Rae8 15. Bg5 Nd7 16. Bh4 e5 17. Bg3 e4 18. dxe4 dxe4 19. Nd2 Bxg3 20. hxg3 Nf6 21. Re2 Rd8 22. Nxe4 Rxd4 23. Nc5 Re8 24. Rxe8+ Nxe8 25. Re1 Nf6 26. f3 b6 27. Ne6 Rd7 28. b4 Re7 29. Kf2 Nd5 30. a3 Nc3 31. f4 Nb5 32. f5 Nd6 33. g4 g6 34. f6 Rf7 35. g5 h6 36. gxh6 Rxf6+ 37. Kg1 Kh7 38. g4 Nf7 39. g5 Rf5 40. Rf1 c5 41. bxc5 bxc5 42. Rxf5 gxf5 43. Kf2 Kg6 44. Ke3 Ne5 45. a4 a5 46. Kf4 Nd3+ 47. Kf3 Ne5+ 48. Ke3 Ng4+ 49. Kf4 c4 50. Nf8+ Kf7 51. h7 Kg7 52. g6 Nf6 53. Kxf5 Nxh7 54. Ne6+ Kh8 55. gxh7 c3 56. Kg6 c2 57. Nd8 c1Q 58. Nf7# 1-0

[Event "CHN-chT Div-A"]
[Site "Fuling"]
[Date "2022.09.18"]
[Round "10.6"]
[White "Pang, Tao"]
[Black "Bu, Xiangzhi"]
[Result "1-0"]
[WhiteElo "2427"]
[BlackElo "2709"]
[PlyCount "69"]
[EventDate "2022.09.06"]
[EventType "team-tourn"]
[EventRounds "11"]
[EventCountry "CHN"]
[SourceTitle "CBM 210 Extra"]
[Source "ChessBase"]
[SourceDate "2022.11.30"]
[SourceVersion "1"]
[SourceVersionDate "2022.11.30"]
[SourceQuality "1"]
[WhiteTeam "Qingdao"]
[BlackTeam "Chongqing Ticai"]
[WhiteTeamCountry "CHN"]
[BlackTeamCountry "CHN"]

1. d4 Nf6 2. c4 e6 3. Nf3 d5 4. Nc3 Bb4 5. Bg5 dxc4 6. e4 c5 7. Bxc4 h6 8. Bxf6 Qxf6 9. 0-0 cxd4 10. Nb5 Qe7 11. Qxd4 0-0 12. Nxa7 Bc5 13. Nxc8 Rxc8 14. Qd3 Nc6 15. Qe2 g5 16. h3 h5 17. e5 g4 18. hxg4 hxg4 19. Nh2 Kf8 20. Nxg4 Qh4 21. Rad1 Kg7 22. Rd3 Rh8 23. Rh3 Qg5 24. Kh2 Rh4 25. g3 Nd4 26. Qd1 Rxg4 27. f3 Nc6 28. fxg4 Nxe5 29. Be2 Rd8 30. Rh5 Qe3 31. Qc2 Nxg4+ 32. Kh3 Nf6 33. Qxc5 Qxe2 34. Qg5+ Kf8 35. Rh8+ 1-0

[Event "CHN-chT Div-A"]
[Site "Fuling"]
[Date "2022.09.16"]
[Round "9.1"]
[White "Pang, Tao"]
[Black "Lou, Yiping"]
[Result "1/2-1/2"]
[WhiteElo "2427"]
[BlackElo "2485"]
[PlyCount "64"]
[EventDate "2022.09.06"]
[EventType "team-tourn"]
[EventRounds "11"]
[EventCountry "CHN"]
[SourceTitle "CBM 210 Extra"]
[Source "ChessBase"]
[SourceDate "2022.11.30"]
[SourceVersion "1"]
[SourceVersionDate "2022.11.30"]
[SourceQuality "1"]
[WhiteTeam "Qingdao"]
[BlackTeam "Shanghai"]
[WhiteTeamCountry "CHN"]
[BlackTeamCountry "CHN"]

1. Nf3 d5 2. d4 Nf6 3. Bf4 e6 4. e3 Bd6 5. Bg3 0-0 6. Bd3 b6 7. Qe2 c5 8. c3 Bb7 9. Ne5 Nc6 10. Nd2 Qc7 11. Nxc6 Bxc6 12. Bxd6 Qxd6 13. f4 cxd4 14. cxd4 Qb4 15. Rb1 Ne4 16. Bxe4 dxe4 17. Qc4 Qxc4 18. Nxc4 Bd5 19. b3 Rfc8 20. Na3 a5 21. Kd2 a4 22. Ra1 axb3 23. axb3 Bxb3 24. Rhb1 Bd5 25. Rxb6 h6 26. Rbb1 g5 27. Nc2 Rxa1 28. Rxa1 Bb3 29. Na3 gxf4 30. exf4 Ra8 31. Kc3 Bd5 32. Nc2 Rb8 1/2-1/2

[Event "CHN-chT Div-A"]
[Site "Fuling"]
[Date "2022.09.14"]
[Round "7.2"]
[White "Pang, Tao"]
[Black "Xue, Haowen"]
[Result "1/2-1/2"]
[WhiteElo "2427"]
[BlackElo "2128"]
[PlyCount "61"]
[EventDate "2022.09.06"]
[EventType "team-tourn"]
[EventRounds "11"]
[EventCountry "CHN"]
[SourceTitle "CBM 210 Extra"]
[Source "ChessBase"]
[SourceDate "2022.11.30"]
[SourceVersion "1"]
[SourceVersionDate "2022.11.30"]
[SourceQuality "1"]
[WhiteTeam "Qingdao"]
[BlackTeam "Shenzhen"]
[WhiteTeamCountry "CHN"]
[BlackTeamCountry "CHN"]

1. d4 Nf6 2. c4 e6 3. Nf3 d5 4. Nc3 Nbd7 5. cxd5 exd5 6. Qc2 Be7 7. Bg5 0-0 8. e3 Re8 9. Bd3 c6 10. 0-0 h6 11. Bf4 Nf8 12. h3 Bd6 13. Bxd6 Qxd6 14. Rab1 a5 15. a3 Be6 16. Ne5 N6d7 17. Nxd7 Nxd7 18. Rfc1 Qe7 19. Na4 g6 20. b4 axb4 21. axb4 b5 22. Nc5 Nxc5 23. Qxc5 Qxc5 24. Rxc5 Bd7 25. Kf1 Ra3 26. Bc2 Kf8 27. Ke1 Ke7 28. Kd2 Kd6 29. Rc3 Ra2 30. Rcb3 Bf5 31. R3b2 1/2-1/2

[Event "CHN-chT Div-A"]
[Site "Fuling"]
[Date "2022.09.11"]
[Round "5.3"]
[White "Pang, Tao"]
[Black "Xu, Minghui"]
[Result "1/2-1/2"]
[WhiteElo "2427"]
[BlackElo "2408"]
[PlyCount "160"]
[EventDate "2022.09.06"]
[EventType "team-tourn"]
[EventRounds "11"]
[EventCountry "CHN"]
[SourceTitle "CBM 210 Extra"]
[Source "ChessBase"]
[SourceDate "2022.11.30"]
[SourceVersion "1"]
[SourceVersionDate "2022.11.30"]
[SourceQuality "1"]
[WhiteTeam "Qingdao"]
[BlackTeam "Zhejiang"]
[WhiteTeamCountry "CHN"]
[BlackTeamCountry "CHN"]

1. d4 d5 2. c4 e6 3. Nf3 Nf6 4. Nc3 Nbd7 5. Bf4 dxc4 6. e3 b5 7. Nxb5 Bb4+ 8. Nd2 Nd5 9. Bg3 N7b6 10. a3 Ba5 11. Rc1 0-0 12. Be2 Bd7 13. b4 Bxb5 14. bxa5 Ba4 15. Rc2 Nc3 16. Rxc3 Bxd1 17. axb6 Bxe2 18. bxc7 Qd7 19. Kxe2 f6 20. Rxc4 Rfc8 21. Rc5 e5 22. dxe5 Rxc7 23. e6 Qxd2+ 24. Kxd2 Rxc5 25. Rb1 Rc6 26. e7 Re8 27. Rb7 a6 28. Bc7 Rxe7 29. Rb8+ Kf7 30. Ba5 Rd7+ 31. Ke2 Ke6 32. Rb1 Rc2+ 33. Kf3 Rd5 34. Rb6+ Kf7 35. Be1 Rd1 36. Bb4 Rf1 37. Rb7+ Kg8 38. Rb8+ Kf7 39. Rb7+ Kg6 40. Bf8 Rfxf2+ 41. Ke4 Rc4+ 42. Kd5 Rg4 43. Rxg7+ Kf5 44. Rxh7 Rgxg2 45. e4+ Kf4 46. Bd6+ Kf3 47. Rh3+ Kg4 48. Rh7 Rd2+ 49. Ke6 Rge2 50. e5 fxe5 51. Bxe5 Rd3 52. Rg7+ Kh5 53. Rh7+ Kg6 54. Rg7+ Kh6 55. Rg3 Rde3 56. Rxe3 Rxe3 57. a4 Ra3 58. Kd5 Rxa4 59. Bc3 Kg5 60. Kc5 Rh4 61. Kb6 Rh6+ 62. Ka5 Rd6 63. Bb4 Rc6 64. Bd2+ Kf5 65. Be3 Rc3 66. Bd2 Rc2 67. Be1 Ra2+ 68. Kb6 Re2 69. Ba5 Re6+ 70. Kb7 Ke5 71. Bb6 Kd5 72. h4 Rh6 73. Kxa6 Kc6 74. Be3 Re6 75. Bg5 Re4 76. Ka7 Ra4+ 77. Kb8 Ra2 78. Be3 Re2 79. Bd4 Re8+ 80. Ka7 Re7+ 1/2-1/2

[Event "FISU World University"]
[Site "Tornelo INT"]
[Date "2020.10.28"]
[Round "8.8"]
[White "Pang, Tao"]
[Black "Grimm, Gyorgy"]
[Result "1-0"]
[WhiteElo "2427"]
[BlackElo "2143"]
[PlyCount "99"]
[EventDate "2020.10.26"]
[EventType "team-swiss (rapid)"]
[EventRounds "9"]
[EventCountry "NET"]
[SourceTitle "CBM 199 Extra"]
[Source "ChessBase"]
[SourceDate "2021.01.31"]
[SourceVersion "1"]
[SourceVersionDate "2021.01.31"]
[SourceQuality "1"]
[WhiteTeam "China II"]
[BlackTeam "Hungary"]
[WhiteTeamCountry "CHN"]
[BlackTeamCountry "HUN"]

1. d4 d5 2. c4 c6 3. Nf3 Nf6 4. Nc3 e6 5. Bg5 h6 6. Bh4 dxc4 7. e4 g5 8. Bg3 b5 9. Ne5 Bb7 10. h4 gxh4 11. Bxh4 Be7 12. Qf3 Nbd7 13. 0-0-0 Nxe5 14. dxe5 Nd7 15. Bxe7 Qxe7 16. Rh5 0-0-0 17. Be2 Rhg8 18. g3 Rg5 19. Rxh6 Nxe5 20. Rxd8+ Qxd8 21. Qe3 Rg6 22. Rxg6 Nxg6 23. Qxa7 Ne5 24. Qe3 Nd7 25. a3 Qe7 26. e5 Nc5 27. f4 Nb3+ 28. Kb1 Qd7 29. Bd1 Nd4 30. Ne4 Nf5 31. Qg1 Qd3+ 32. Bc2 Qe3 33. Qxe3 Nxe3 34. Nd6+ Kc7 35. Nxf7 c5 36. Nd6 Bc6 37. Be4 Nf1 38. Bxc6 Kxc6 39. g4 Nh2 40. g5 Ng4 41. g6 Nh6 42. g7 b4 43. Nxc4 bxa3 44. bxa3 Kd5 45. Nd6 Ng8 46. Ne8 Ke4 47. Nf6+ Kxf4 48. Nxg8 Kxe5 49. Nh6 Kf6 50. g8Q 1-0